000 00250nam a2200085Ia 4500
245 0 _aContemporary quilts : design, surface and stitch
100 _a MEECH, Sandra London, 2003
_989328
942 _cBK
008 210817s9999 xx 000 0 und d
999 _c359648
_d359647